| 000 | 01306nam0a22003131 4500 | ||
|---|---|---|---|
| 001 | rc\4305837 | ||
| 005 | 20250611152918.0 | ||
| 021 |
_aRU _bРг6365-68 |
||
| 035 | _a(NLR Aleph) 008258462 | ||
| 090 |
_a8381307 _c8381307 |
||
| 100 | _a20130416d1968 |||y0rusy50 ca | ||
| 101 | 0 | _arus | |
| 102 | _aRU | ||
| 105 | _ay z ||||| | ||
| 200 | 1 |
_aЭнергетические системы _fПроф. д-р техн. наук В.А. Веников, проф. д-р техн. наук Л.Г. Мамиконянц |
|
| 210 |
_a[Москва _cб. и. _d1968] |
||
| 215 |
_a28 с. _d22 |
||
| 225 | 1 | _aVII Мировая энергетическая конференция. Москва 20-24 августа 1968. Секция С. Генеральный доклад | |
| 300 | _aБез тит. л. и обл. | ||
| 300 | _aОтпеч. множит. аппаратом | ||
| 700 | 1 |
_aВеников _bВ. А. _f1912- _gВалентин Андреевич |
|
| 701 | 1 |
_aМамиконянц _bЛ. Г. _gЛев Гразданович |
|
| 711 | 1 | 2 |
_aМировая энергетическая конференция _d7 _eМосква _f1968 _9477535 _3RU\NLR\AUTH\880405410 |
| 801 | 0 |
_aRU _bNLR _gpsbo |
|
| 801 | 1 |
_aRU _bELAR _2rusmarc |
|
| 852 |
_aNLR _j68-6/10384 |
||
| 942 | _cBOOK | ||
| 980 | _aNB | ||